| 000 | 00825nam a22002537a 4500 | ||
|---|---|---|---|
| 001 | 87384 | ||
| 003 | UA-OsUOA | ||
| 005 | 20201129213247.0 | ||
| 007 | ta | ||
| 008 | 20120918b un ||||| |||| 00| 0 ukr d | ||
| 040 |
_aUA-OsUOA _bukr _cUA-OsUOA _dUA-OsUOA |
||
| 041 | _aukr | ||
| 080 | _a82-94 | ||
| 090 |
_a82-94 _bВ 48 |
||
| 100 | _aВинниченко В. | ||
| 245 |
_aЩоденник _cред. Григорій Костюк ; упоряд. текстів і примітки Олександра Мотиля |
||
| 260 |
_aЕдмонтон _bКІУС _c1983 |
||
| 300 | _a700 с. | ||
| 505 |
_gт. 2 _t(1921-1925) |
||
| 650 | 7 |
_a82 Література. Літературознавство _2UDC |
|
| 942 |
_cBK _2udc |
||
| 955 | _a2 | ||
| 999 |
_c373653 _d373653 |
||